000 00573nam a2200217 a 4500
999 _c6915
_d6915
001 6915
003 BD-JhCC
005 20180201091345.0
008 180201s1964 e a|||| || | 000 0 eng d
035 _a(BD-JhCC)6915
040 _aBD-JhCC
_dBD-JhCC
041 _aeng
082 _a926.1
_bDOO 1964
100 _aDooley, Thomas A.
245 _aThe Night They Burned The Mountain /
_cThomas A. Dooley,
260 _aLondon :
_bThe World's Work (1913) Ltd,
_c1964
300 _a209 p. :
_c18 cm.
650 _aMissionaries Medical
942 _2ddc
_cBK